Vista normal
Vista MARC
Entrada Topical Term
Número de registros utilizados en: 1
001 - CONTROL NUMBER
- control field: 5108
003 - CONTROL NUMBER IDENTIFIER
- control field: OSt
005 - DATE AND TIME OF LATEST TRANSACTION
- control field: 20200606010417.0
008 - FIXED-LENGTH DATA ELEMENTS
- fixed length control field: 200606|| aca||aabn | a|a d
040 ## - CATALOGING SOURCE
- Original cataloging agency: OSt
- Transcribing agency: OSt
150 ## - HEADING--TOPICAL TERM
- Topical term or geographic name entry element: Economía -- Aspectos psicológicos Metodología en economía Teoría de los juegos Toma de decisiones--
670 ## - SOURCE DATA FOUND
- Source citation: Work cat.: (OSt)4846: Braña Garza, Pablo, coordinador 5107, Economía experimental y del comportamiento / , ©2011